[Event "Londrina Ermel Memorial 5th"]
[Site "Londrina"]
[Date "2018.12.16"]
[Round "6"]
[White "Gonzalez, Bolivar Ribeiro"]
[Black "Borges, Victor Hugo Moreira"]
[Result "1/2-1/2"]
[WhiteElo "2193"]
[BlackElo "2192"]
[PlyCount "111"]
[EventDate "2018.12.15"]
[EventType "swiss (rapid)"]
[EventRounds "7"]
[EventCountry "BRA"]
[SourceTitle "EXT 2020"]
[Source "ChessBase"]
[SourceDate "2019.10.17"]
[SourceVersion "1"]
[SourceVersionDate "2019.10.17"]
[SourceQuality "1"]

1. e4 c5 2. Nf3 d6 3. d4 cxd4 4. Nxd4 Nf6 5. Nc3 a6 6. Bg5 Nbd7 7. Qe2 h6 8. Bh4 g6 9. 0-0-0 e5 10. Nb3 Be7 11. f3 b5 12. a3 Kf8 13. Kb1 Kg7 14. g4 Qc7 15. Bg3 Nb6 16. h4 Be6 17. Bh3 Nc4 18. Nd5 Bxd5 19. exd5 Rhe8 20. f4 exf4 21. Bxf4 Nd7 22. Qf2 Nde5 23. Bc1 Qd8 24. h5 Bg5 25. Rhf1 Bxc1 26. Rxc1 Qg5 27. Qf4 Ne3 28. Qxg5 hxg5 29. Rg1 Rac8 30. Rg3 N3c4 31. hxg6 Nxg6 32. Bf1 Re3 33. Rg1 Rxb3 34. Bxc4 Re3 35. Bd3 Nf4 36. Bf5 Rh8 37. Rh1 Rh4 38. c4 bxc4 39. Rhd1 c3 40. Rxc3 Rxc3 41. bxc3 Rh2 42. c4 Ne2 43. Rd2 Nc3+ 44. Kc2 Rxd2+ 45. Kxd2 Na4 46. Kd3 Kf6 47. Kd4 Nc5 48. Bc8 a5 49. Bf5 Ke7 50. Bc8 f6 51. Bf5 Kd8 52. Bc2 Kc7 53. Bf5 Kb6 54. Bc2 Nd7 55. Bd3 Ne5 56. Be2 1/2-1/2

[Event "Parana-ch"]
[Site "Curitiba"]
[Date "2018.11.25"]
[Round "7"]
[White "Chemin, Vitorio"]
[Black "Borges, Victor Hugo Moreira"]
[Result "1-0"]
[WhiteElo "2116"]
[BlackElo "2202"]
[PlyCount "115"]
[EventDate "2018.11.22"]
[EventType "swiss"]
[EventRounds "7"]
[EventCountry "BRA"]
[SourceTitle "CBM 187 Extra"]
[Source "ChessBase"]
[SourceDate "2018.11.04"]
[SourceVersion "1"]
[SourceVersionDate "2018.11.04"]
[SourceQuality "1"]

1. d4 Nf6 2. Nf3 d6 3. Bf4 g6 4. e3 Bg7 5. Be2 0-0 6. 0-0 Nbd7 7. h3 Qe8 8. c3 e5 9. Bh2 Qe7 10. Nbd2 b6 11. a4 a6 12. dxe5 dxe5 13. Nc4 e4 14. Nd4 Nc5 15. b4 Ne6 16. Nc6 Qe8 17. b5 Nd7 18. Bxc7 Nxc7 19. Nd6 Qe6 20. Bc4 Qf6 21. Nxc8 Ne5 22. Nxb6 Nxc4 23. Nxc4 axb5 24. axb5 Nxb5 25. Rxa8 Rxa8 26. Nd4 Qa6 27. Qb3 Nd6 28. Nxd6 Qxd6 29. Qb7 Re8 30. Ra1 Bf8 31. Qc6 Qe5 32. Rb1 Bd6 33. g3 Rb8 34. Rxb8+ Bxb8 35. c4 Kg7 36. Qd7 Bd6 37. Nc6 Qa1+ 38. Kg2 Qf6 39. Nd4 h5 40. Qc6 Qe5 41. Qb5 Kf6 42. Qc6 Kg7 43. Qb5 Kf6 44. Qxe5+ Kxe5 45. f4+ exf3+ 46. Kxf3 f5 47. h4 Kf6 48. Ne2 g5 49. hxg5+ Kxg5 50. Nf4 h4 51. c5 Be5 52. gxh4+ Kf6 53. h5 Bb8 54. c6 Kg5 55. c7 Bxc7 56. Ne6+ Kxh5 57. Nxc7 Kg5 58. Nd5 1-0

[Event "Parana-ch"]
[Site "Curitiba"]
[Date "2018.11.24"]
[Round "4"]
[White "Borges, Victor Hugo Moreira"]
[Black "De Oliveira, Wythor Rogerio"]
[Result "1-0"]
[WhiteElo "2202"]
[BlackElo "1335"]
[PlyCount "71"]
[EventDate "2018.11.22"]
[EventType "swiss"]
[EventRounds "7"]
[EventCountry "BRA"]
[SourceTitle "CBM 187 Extra"]
[Source "ChessBase"]
[SourceDate "2018.11.04"]
[SourceVersion "1"]
[SourceVersionDate "2018.11.04"]
[SourceQuality "1"]

1. d4 d5 2. Bf4 Nf6 3. Nf3 e6 4. e3 c5 5. Nbd2 a6 6. c3 Nc6 7. Bd3 b5 8. 0-0 c4 9. Bc2 Be7 10. e4 dxe4 11. Nxe4 Nd5 12. Bd2 0-0 13. Re1 f6 14. h4 Bd6 15. h5 e5 16. h6 g6 17. Nxd6 Qxd6 18. dxe5 fxe5 19. Ng5 Qf6 20. Ne4 Qf7 21. Qe2 Nf4 22. Qe3 Bf5 23. Nd6 Qd5 24. Ne4 Rad8 25. Rad1 Nd3 26. Bxd3 cxd3 27. b3 Qf7 28. f3 Qd5 29. Nf2 Rfe8 30. Bc1 e4 31. fxe4 Bxe4 32. Nxe4 Rxe4 33. Qxe4 Qc5+ 34. Be3 Qxc3 35. Qe6+ Kh8 36. Rc1 1-0

[Event "Parana-ch"]
[Site "Curitiba"]
[Date "2018.11.24"]
[Round "5"]
[White "Martins, Carlos"]
[Black "Borges, Victor Hugo Moreira"]
[Result "1/2-1/2"]
[WhiteElo "2258"]
[BlackElo "2202"]
[PlyCount "51"]
[EventDate "2018.11.22"]
[EventType "swiss"]
[EventRounds "7"]
[EventCountry "BRA"]
[SourceTitle "CBM 187 Extra"]
[Source "ChessBase"]
[SourceDate "2018.11.04"]
[SourceVersion "1"]
[SourceVersionDate "2018.11.04"]
[SourceQuality "1"]

1. e4 c5 2. Nf3 d6 3. c3 Nf6 4. Be2 g6 5. 0-0 Bg7 6. Re1 0-0 7. Bf1 Bg4 8. h3 Bxf3 9. Qxf3 Nc6 10. d3 Rb8 11. g4 b5 12. a3 Nd7 13. Qg3 a5 14. f4 b4 15. axb4 axb4 16. Be3 bxc3 17. bxc3 Rb3 18. Rc1 Qb6 19. Qe1 Rb8 20. Na3 Qb7 21. Bd2 Nb6 22. Nc2 Ra8 23. Rxa8+ Qxa8 24. Ra1 Qb7 25. Ne3 Nd7 26. Nc4 1/2-1/2

[Event "Parana-ch"]
[Site "Curitiba"]
[Date "2018.11.23"]
[Round "2"]
[White "Borges, Victor Hugo Moreira"]
[Black "Almeida Junior, Alvaro Alves de"]
[Result "1/2-1/2"]
[WhiteElo "2202"]
[BlackElo "2022"]
[PlyCount "158"]
[EventDate "2018.11.22"]
[EventType "swiss"]
[EventRounds "7"]
[EventCountry "BRA"]
[SourceTitle "CBM 187 Extra"]
[Source "ChessBase"]
[SourceDate "2018.11.04"]
[SourceVersion "1"]
[SourceVersionDate "2018.11.04"]
[SourceQuality "1"]

1. e4 c5 2. b3 Nc6 3. Bb2 e5 4. Bb5 d6 5. Bxc6+ bxc6 6. Ne2 f5 7. exf5 Bxf5 8. 0-0 Nf6 9. f4 exf4 10. Nxf4 Be7 11. Nh5 Nxh5 12. Rxf5 Nf6 13. Qf3 Rc8 14. Nc3 0-0 15. Rf1 d5 16. d3 Qc7 17. Na4 Rce8 18. c4 d4 19. Qh3 g6 20. R5f3 Qe5 21. Bc1 Nh5 22. Bh6 Ng7 23. Bf4 Qe6 24. Qxe6+ Nxe6 25. Bd2 Rxf3 26. Rxf3 Rf8 27. Kf2 Bd6 28. Rxf8+ Kxf8 29. h3 Ke7 30. Kf3 Nf8 31. Ke4 Nd7 32. a3 Ke6 33. g4 Nf6+ 34. Kf3 Nd7 35. b4 cxb4 36. axb4 c5 37. bxc5 Bxc5 38. Bg5 Bd6 39. Ke4 Be5 40. Bd8 Kd6 41. h4 Bg7 42. Bg5 Be5 43. h5 Ke6 44. hxg6 hxg6 45. Bd2 Nf6+ 46. Kf3 Nd7 47. Bc1 Bh2 48. Ke4 Be5 49. g5 Bg7 50. Bb2 Be5 51. Bxd4 Bxd4 52. Kxd4 Kf5 53. Kd5 Kxg5 54. c5 Nb8 55. c6 Nxc6 56. Kxc6 Kf4 57. d4 g5 58. d5 g4 59. Nc3 Kf3 60. d6 g3 61. d7 g2 62. d8Q g1Q 63. Qd5+ Kf2 64. Qd4+ Kg2 65. Qe4+ Kh2 66. Qh7+ Kg2 67. Qg6+ Kh1 68. Qh5+ Qh2 69. Qd1+ Qg1 70. Qd5+ Kh2 71. Qh5+ Kg2 72. Nd5 Qc1+ 73. Kd7 Qd2 74. Qg4+ Kh2 75. Qe4 Qg2 76. Qd4 Qh3+ 77. Kd6 Qh6+ 78. Kc5 Qc1+ 79. Nc3 Qg1 1/2-1/2

[Event "Parana-chT 61st"]
[Site "Londrina"]
[Date "2018.09.26"]
[Round "5.2"]
[White "Borges, Victor Hugo Moreira"]
[Black "Caetano, Hugo Zanotti Mendon"]
[Result "1-0"]
[WhiteElo "2202"]
[BlackElo "2204"]
[PlyCount "89"]
[EventDate "2018.09.24"]
[EventType "team-tourn"]
[EventRounds "5"]
[EventCountry "BRA"]
[SourceTitle "CBM 187 Extra"]
[Source "ChessBase"]
[SourceDate "2018.11.04"]
[SourceVersion "1"]
[SourceVersionDate "2018.11.04"]
[SourceQuality "1"]
[WhiteTeam "Ponta Grossa"]
[BlackTeam "Foz do Iguacu"]
[WhiteTeamCountry "BRA"]
[BlackTeamCountry "BRA"]

1. Nf3 d5 2. d4 c5 3. c3 e6 4. Bf4 Nf6 5. e3 Bd6 6. Bg3 0-0 7. Nbd2 Nc6 8. Bb5 a6 9. Bxc6 bxc6 10. Qa4 cxd4 11. cxd4 Bxg3 12. hxg3 Qb6 13. 0-0 c5 14. dxc5 Qxc5 15. Qd4 Qxd4 16. Nxd4 Bd7 17. Rfc1 Rfc8 18. N2b3 Ne4 19. Na5 Kf8 20. b4 Ke7 21. Kf1 e5 22. Nf3 f6 23. Ke1 Bb5 24. Nd2 Nd6 25. f3 Nf5 26. Kf2 d4 27. exd4 Nxd4 28. Ne4 Nc2 29. Rab1 Nxb4 30. Rxc8 Nd3+ 31. Ke3 Rxc8 32. a4 Bxa4 33. Rb7+ Kf8 34. Kxd3 Bb5+ 35. Kd2 Bf1 36. Ke3 Bxg2 37. g4 Bf1 38. Nb3 Ra8 39. Nd6 Rd8 40. Rb6 g6 41. Nc5 Ke7 42. Nde4 Bc4 43. Rb7+ Kf8 44. Nd7+ Ke8 45. Ndxf6+ 1-0

[Event "Maringa Parana-ch"]
[Site "Maringa"]
[Date "2018.02.03"]
[Round "7"]
[White "Borges, Victor Hugo Moreira"]
[Black "Cruz, William Ferreira Da"]
[Result "1/2-1/2"]
[WhiteElo "2179"]
[BlackElo "2248"]
[PlyCount "31"]
[EventDate "2018.01.31"]
[EventType "swiss"]
[EventRounds "8"]
[EventCountry "BRA"]
[SourceTitle "CBM 182 Extra"]
[Source "ChessBase"]
[SourceDate "2018.02.23"]
[SourceVersion "1"]
[SourceVersionDate "2018.02.23"]
[SourceQuality "1"]

1. b3 e5 2. Bb2 Nc6 3. e3 g6 4. Nf3 Bg7 5. c4 d6 6. Be2 f5 7. d4 e4 8. Nfd2 Nf6 9. Nc3 0-0 10. a3 a5 11. g3 Bd7 12. h4 h6 13. Qc2 Ne7 14. 0-0-0 c6 15. c5 d5 16. Na4 1/2-1/2

[Event "Maringa Parana-ch"]
[Site "Maringa"]
[Date "2018.02.01"]
[Round "3"]
[White "Borges, Victor Hugo Moreira"]
[Black "Sunye Neto, Jaime"]
[Result "1/2-1/2"]
[WhiteElo "2179"]
[BlackElo "2486"]
[PlyCount "71"]
[EventDate "2018.01.31"]
[EventType "swiss"]
[EventRounds "8"]
[EventCountry "BRA"]
[SourceTitle "CBM 182 Extra"]
[Source "ChessBase"]
[SourceDate "2018.02.23"]
[SourceVersion "1"]
[SourceVersionDate "2018.02.23"]
[SourceQuality "1"]

1. e4 c5 2. Nf3 e6 3. d4 cxd4 4. Nxd4 Nc6 5. Nc3 a6 6. Nxc6 bxc6 7. Bd3 d5 8. 0-0 Nf6 9. Qe2 Be7 10. Bd2 0-0 11. Rad1 Re8 12. e5 Nd7 13. Na4 g6 14. Kh1 Bf8 15. f4 a5 16. Be3 Qc7 17. c4 Ba6 18. cxd5 Bxd3 19. Qxd3 exd5 20. Bg1 Qb7 21. Rc1 Rac8 22. b3 Red8 23. Rfd1 Re8 24. Qf3 f6 25. exf6 Nxf6 26. f5 Ne4 27. fxg6 hxg6 28. Qg4 Qf7 29. Nb6 Nf6 30. Qf3 Rc7 31. Rf1 Bg7 32. Bd4 Re6 33. Qd3 Rce7 34. Na4 Qe8 35. Nc5 Re1 36. Bg1 1/2-1/2

[Event "Parana-ch"]
[Site "Pirai do Sul"]
[Date "2017.02.03"]
[Round "5"]
[White "Lukachewski Junior, Wanderlei"]
[Black "Borges, Victor Hugo Moreira"]
[Result "1/2-1/2"]
[WhiteElo "2039"]
[BlackElo "2170"]
[PlyCount "87"]
[EventDate "2017.02.01"]
[EventType "swiss"]
[EventRounds "8"]
[EventCountry "BRA"]
[SourceTitle "CBM 176 Extra"]
[Source "ChessBase"]
[SourceDate "2017.03.02"]
[SourceVersion "1"]
[SourceVersionDate "2017.03.02"]
[SourceQuality "1"]

1. d4 Nf6 2. Bg5 e6 3. e3 c5 4. c3 b6 5. Nf3 Bb7 6. Bd3 Be7 7. 0-0 0-0 8. Nbd2 d6 9. Qe2 Nbd7 10. Rac1 Re8 11. Rfd1 Qc7 12. e4 e5 13. dxe5 dxe5 14. g3 h6 15. Bxf6 Nxf6 16. c4 Nd7 17. Nb1 Nf8 18. Nc3 Ne6 19. Nd5 Qb8 20. h4 Bf8 21. Qe3 Nd4 22. Bf1 Bc8 23. Re1 Qd6 24. Kh2 f5 25. Bh3 g6 26. h5 f4 27. Qd3 Bxh3 28. Kxh3 fxg3 29. fxg3 g5 30. Nh2 Bg7 31. Ng4 Rf8 32. Rf1 a6 33. Nge3 Rae8 34. Rxf8+ Rxf8 35. Rf1 b5 36. b3 Qd7+ 37. Kg2 Qe8 38. Rxf8+ Qxf8 39. Qf1 Qe8 40. Qd1 Qd8 41. Qe1 Qe8 42. Qd1 Qd8 43. Qg4 Kh7 44. Kh3 1/2-1/2

[Event "Parana-ch"]
[Site "Pirai do Sul"]
[Date "2017.02.02"]
[Round "3"]
[White "Sekula, Markley Ribas"]
[Black "Borges, Victor Hugo Moreira"]
[Result "0-1"]
[WhiteElo "2059"]
[BlackElo "2170"]
[PlyCount "35"]
[EventDate "2017.02.01"]
[EventType "swiss"]
[EventRounds "8"]
[EventCountry "BRA"]
[SourceTitle "CBM 176 Extra"]
[Source "ChessBase"]
[SourceDate "2017.03.02"]
[SourceVersion "1"]
[SourceVersionDate "2017.03.02"]
[SourceQuality "1"]

1. e4 c5 2. Nf3 Nc6 3. Bb5 d6 4. Bxc6+ bxc6 5. e5 d5 6. h3 e6 7. Nc3 Ba6 8. d3 c4 9. 0-0 Ne7 10. dxc4 Bxc4 11. Re1 Nf5 12. Nd4 Nxd4 13. Qxd4 Be7 14. b3 Ba6 15. Qg4 g6 16. Qa4 Qb6 17. Be3 Qb7 18. Qa5 0-1

[Event "Caioba Telecom op"]
[Site "Caioba"]
[Date "2016.08.26"]
[Round "2"]
[White "Borges, Victor Hugo Moreira"]
[Black "Souza, Gustavo Horokoski"]
[Result "1-0"]
[WhiteElo "2152"]
[BlackElo "1925"]
[PlyCount "52"]
[EventDate "2016.08.26"]
[EventType "swiss"]
[EventRounds "6"]
[EventCountry "BRA"]
[SourceTitle "CBM 174 Extra"]
[Source "ChessBase"]
[SourceDate "2016.10.10"]
[SourceVersion "1"]
[SourceVersionDate "2016.10.10"]
[SourceQuality "1"]

1. Nf3 e6 2. d4 Nf6 3. Bf4 c5 4. c3 Nc6 5. e3 b6 6. Nbd2 Bb7 7. Bd3 Be7 8. Qe2 Rc8 9. h3 d5 10. 0-0 0-0 11. Rad1 h6 12. Ne5 Nxe5 13. dxe5 Nd7 14. Qh5 c4 15. Bb1 f5 16. Bxh6 gxh6 17. Qg6+ Kh8 18. Qxh6+ Kg8 19. Qxe6+ Rf7 20. Qg6+ Rg7 21. Qe6+ Rf7 22. Qg6+ Rg7 23. Qxf5 d4 24. Be4 Bxe4 25. Qxe4 dxe3 26. Nf3 exf2+ 1-0

[Event "Caioba Telecom op"]
[Site "Caioba"]
[Date "2016.08.26"]
[Round "1"]
[White "De Oliveira, Francemir Barra"]
[Black "Borges, Victor Hugo Moreira"]
[Result "0-1"]
[WhiteElo "1647"]
[BlackElo "2152"]
[PlyCount "68"]
[EventDate "2016.08.26"]
[EventType "swiss"]
[EventRounds "6"]
[EventCountry "BRA"]
[SourceTitle "CBM 174 Extra"]
[Source "ChessBase"]
[SourceDate "2016.10.10"]
[SourceVersion "1"]
[SourceVersionDate "2016.10.10"]
[SourceQuality "1"]

1. e4 c5 2. Nf3 d6 3. d4 cxd4 4. Nxd4 Nf6 5. Nc3 a6 6. Be2 e5 7. Nf3 h6 8. h3 Be7 9. g4 Qc7 10. g5 hxg5 11. Nxg5 Nbd7 12. Nd5 Nxd5 13. exd5 Nf6 14. Be3 Qa5+ 15. Qd2 Qxd5 16. 0-0-0 Qxa2 17. c3 Bf5 18. Bd3 Bxd3 19. Qxd3 Rc8 20. Rhg1 b5 21. Kc2 Qc4 22. Qf5 g6 23. Qf3 Qc6 24. Qg3 Ne4 25. Qg4 Nxc3 26. Rc1 f5 27. Qg2 Qxg2 28. Rxg2 Ne2+ 29. Kb1 Nxc1 30. Bxc1 Bxg5 31. Rxg5 Rxh3 32. Bd2 Kf7 33. f4 Rc4 34. fxe5 dxe5 0-1

[Event "Curitiba Parana-ch"]
[Site "Curitiba"]
[Date "2016.01.27"]
[Round "2"]
[White "Borges, Victor Hugo Moreira"]
[Black "Almeida Junior, Alvaro Alves de"]
[Result "1-0"]
[WhiteElo "2194"]
[BlackElo "1860"]
[PlyCount "79"]
[EventDate "2016.01.26"]
[EventType "swiss"]
[EventRounds "8"]
[EventCountry "BRA"]
[SourceTitle "CBM 170 Extra"]
[Source "ChessBase"]
[SourceDate "2016.02.25"]
[SourceVersion "1"]
[SourceVersionDate "2016.02.25"]
[SourceQuality "1"]

1. e4 e5 2. Nf3 Nc6 3. Bb5 a6 4. Ba4 Nf6 5. 0-0 b5 6. Bb3 Be7 7. d3 0-0 8. Nc3 d6 9. a3 Be6 10. Nd5 Na5 11. Ba2 Nxd5 12. exd5 Bg4 13. h3 Bh5 14. b4 Nb7 15. g4 Bg6 16. Be3 Qd7 17. Nd2 f5 18. f3 Bh4 19. Qe2 Rae8 20. Qg2 Kh8 21. Kh1 f4 22. Bf2 Qe7 23. Ne4 Bxe4 24. dxe4 Ra8 25. Bg1 a5 26. Qe2 Qd7 27. c4 bxc4 28. Bxc4 axb4 29. Bb5 Qe7 30. axb4 Rxa1 31. Rxa1 Nd8 32. Ra7 h5 33. gxh5 Bg3 34. Qg2 Qh4 35. Bd7 Nf7 36. Rxc7 Ng5 37. Rc8 Rxc8 38. Bxc8 Qxh5 39. Bg4 Qe8 40. Qe2 1-0

[Event "Parana-ch"]
[Site "Curitiba"]
[Date "2015.01.29"]
[Round "3"]
[White "Borges, Victor Hugo Moreira"]
[Black "Cruz, William Ferreira Da"]
[Result "1/2-1/2"]
[WhiteElo "2143"]
[BlackElo "2238"]
[PlyCount "102"]
[EventDate "2015.01.28"]
[EventType "swiss"]
[EventRounds "8"]
[EventCountry "BRA"]
[SourceTitle "CBM 164 Extra"]
[Source "ChessBase"]
[SourceDate "2015.03.02"]
[SourceVersion "1"]
[SourceVersionDate "2015.03.02"]
[SourceQuality "1"]

1. e4 e6 2. d4 d5 3. Nc3 Nf6 4. e5 Nfd7 5. f4 c5 6. Nf3 Nc6 7. Be3 cxd4 8. Nxd4 Bc5 9. Qd2 a6 10. 0-0-0 0-0 11. Qf2 Bxd4 12. Bxd4 b5 13. Be3 Qa5 14. Kb1 b4 15. Ne2 Qc7 16. Nd4 Nxd4 17. Bxd4 f6 18. exf6 Nxf6 19. Be5 Ng4 20. Qh4 Nxe5 21. fxe5 Qxe5 22. Bd3 g6 23. Qxb4 a5 24. Qd2 a4 25. Rde1 Qg7 26. c3 Bd7 27. h4 a3 28. b3 Rac8 29. Rc1 d4 30. c4 e5 31. Rce1 Bf5 32. Be4 Bxe4+ 33. Rxe4 Rxc4 34. Qa5 Rc3 35. Qxa3 Qc7 36. h5 gxh5 37. Rhe1 d3 38. Rd1 Rc8 39. Ree1 Kh8 40. Qb2 Qg7 41. Re3 Qg6 42. Ka1 Qg5 43. Qd2 e4 44. Rxd3 Rc1+ 45. Rxc1 Rxc1+ 46. Kb2 Qe5+ 47. Rc3 Rf1 48. Qd8+ Kg7 49. Qc7+ Kf6 50. Qd8+ Kg6 51. Qb6+ Qf6 1/2-1/2

[Event "Florianopolis op"]
[Site "Florianopolis"]
[Date "2015.01.18"]
[Round "9"]
[White "Pires, Marcos Vinicius Tor"]
[Black "Borges, Victor Hugo Moreira"]
[Result "1/2-1/2"]
[WhiteElo "2274"]
[BlackElo "2143"]
[PlyCount "118"]
[EventDate "2015.01.14"]
[EventType "swiss"]
[EventRounds "10"]
[EventCountry "BRA"]
[SourceTitle "CBM 164 Extra"]
[Source "ChessBase"]
[SourceDate "2015.03.02"]
[SourceVersion "1"]
[SourceVersionDate "2015.03.02"]
[SourceQuality "1"]

1. Nf3 g6 2. c4 Bg7 3. e4 c5 4. d4 cxd4 5. Nxd4 Nc6 6. Be3 Nf6 7. Nc3 0-0 8. Be2 d6 9. 0-0 Bd7 10. Qd2 Nxd4 11. Bxd4 Bc6 12. f3 a5 13. b3 Nd7 14. Bf2 Nc5 15. Rab1 Be5 16. Rfc1 e6 17. Bf1 b6 18. Rc2 f5 19. exf5 gxf5 20. Ne2 Ra7 21. Nd4 Bxd4 22. Bxd4 e5 23. Bc3 Rg7 24. Kh1 Rg6 25. Rd1 Qh4 26. Qf2 Qh5 27. Rcd2 Rff6 28. Be2 f4 29. Bd3 Rg5 30. Bf1 Rh6 31. h3 Rgg6 32. Kh2 Kf7 33. b4 axb4 34. Bxb4 Ke7 35. Bxc5 bxc5 36. Rb1 Rg3 37. Rb3 Rhg6 38. Rdb2 Rh6 39. a4 Bxa4 40. Rb7+ Bd7 41. Ra2 Qh4 42. Qe2 Rg8 43. Raa7 Qg3+ 44. Kg1 Rd8 45. Qe4 Qg6 46. Qc6 Qe6 47. Bd3 Ke8 48. Qb6 Rf6 49. Be4 d5 50. Qxe6+ Bxe6 51. cxd5 Bxd5 52. Re7+ Kf8 53. Bxd5 Rxd5 54. Rxh7 Kg8 55. Rhg7+ Kf8 56. h4 Rh6 57. Rgd7 Rxd7 58. Rxd7 Rxh4 59. Rd5 Rh5 1/2-1/2

[Event "Maringa op 4th"]
[Site "Maringa"]
[Date "2014.08.24"]
[Round "9"]
[White "Abdalla, Luiz Guilherme"]
[Black "Borges, Victor Hugo Moreira"]
[Result "1-0"]
[WhiteElo "2285"]
[BlackElo "2105"]
[PlyCount "85"]
[EventDate "2014.08.20"]
[EventType "swiss"]
[EventRounds "9"]
[EventCountry "BRA"]
[SourceTitle "EXT 2015"]
[Source "ChessBase"]
[SourceDate "2014.11.20"]
[SourceVersion "1"]
[SourceVersionDate "2014.11.20"]
[SourceQuality "1"]

1. d4 e6 2. c4 Bb4+ 3. Bd2 a5 4. Nf3 Nf6 5. g3 0-0 6. Nc3 d5 7. cxd5 exd5 8. Bg2 Re8 9. Rc1 c6 10. 0-0 h6 11. Ne5 Bf5 12. Nd3 Bf8 13. Na4 Na6 14. Re1 Nb4 15. Qb3 Ne4 16. Be3 b5 17. Nac5 Nxd3 18. Nxd3 a4 19. Qd1 Rc8 20. Nc5 Nxc5 21. dxc5 Rxe3 22. fxe3 Qg5 23. Qd4 Re8 24. Rf1 Re4 25. Rxf5 Qxf5 26. Bxe4 dxe4 27. b4 Qg6 28. Rc2 h5 29. Rd2 h4 30. Qd7 Qh6 31. Qd4 hxg3 32. hxg3 Qg5 33. Kg2 f5 34. Rd1 Qh5 35. Rf1 Qf7 36. a3 Qe6 37. Qd8 g6 38. Kf2 Kf7 39. Rd1 Be7 40. Qc7 g5 41. Rd6 Qe5 42. Rd7 Qe6 43. Qd6 1-0

[Event "Maringa op 4th"]
[Site "Maringa"]
[Date "2014.08.23"]
[Round "8"]
[White "Borges, Victor Hugo Moreira"]
[Black "Delgado Ramirez, Neuris"]
[Result "0-1"]
[WhiteElo "2105"]
[BlackElo "2600"]
[PlyCount "85"]
[EventDate "2014.08.20"]
[EventType "swiss"]
[EventRounds "9"]
[EventCountry "BRA"]
[SourceTitle "EXT 2015"]
[Source "ChessBase"]
[SourceDate "2014.11.20"]
[SourceVersion "1"]
[SourceVersionDate "2014.11.20"]
[SourceQuality "1"]

1. e4 c5 2. Nf3 d6 3. d4 cxd4 4. Nxd4 Nf6 5. Nc3 Nc6 6. Bc4 e6 7. Be3 Bd7 8. Bb3 a6 9. Qe2 b5 10. 0-0-0 Na5 11. Bg5 Be7 12. f4 b4 13. Na4 Qc7 14. Kb1 Nxb3 15. axb3 0-0 16. g4 Bb5 17. Qg2 Qb7 18. Rhe1 Rab8 19. f5 e5 20. Bxf6 Bxf6 21. g5 Be7 22. Nf3 f6 23. h4 Qc7 24. Nd2 Qc6 25. Nf1 fxg5 26. hxg5 Rxf5 27. g6 h6 28. Ne3 Rg5 29. Qh3 Rxg6 30. Nf5 Bf8 31. Rg1 Qe8 32. Qh2 Kh7 33. Qf2 Rxg1 34. Rxg1 Qf7 35. Qd2 Bc6 36. Qd3 Qe6 37. Ka1 Rb7 38. Rg4 Rf7 39. Qxa6 Bxe4 40. Rxe4 Qxf5 41. Qc6 Qf3 42. Qe8 Qh1+ 43. Ka2 0-1

[Event "Parana-chT 55th"]
[Site "Maringa"]
[Date "2012.09.26"]
[Round "5.1"]
[White "Martins, Carlos"]
[Black "Borges, Victor Hugo Moreira"]
[Result "1/2-1/2"]
[WhiteElo "2241"]
[BlackElo "2109"]
[PlyCount "91"]
[EventDate "2012.09.24"]
[EventType "team-swiss"]
[EventRounds "7"]
[EventCountry "BRA"]
[SourceTitle "EXT 2014"]
[Source "ChessBase"]
[SourceDate "2013.11.20"]
[SourceVersion "1"]
[SourceVersionDate "2013.11.20"]
[SourceQuality "1"]
[WhiteTeam "Paranavai"]
[BlackTeam "Campo Mourao"]
[WhiteTeamCountry "BRA"]
[BlackTeamCountry "BRA"]

1. e4 c5 2. Nf3 d6 3. d4 cxd4 4. Nxd4 Nf6 5. Nc3 g6 6. Be3 Bg7 7. f3 Nc6 8. Qd2 0-0 9. g4 Bd7 10. 0-0-0 Rc8 11. h4 Ne5 12. Be2 Qa5 13. Nb3 Qc7 14. h5 b5 15. hxg6 fxg6 16. g5 b4 17. Nb5 Bxb5 18. gxf6 Bxe2 19. fxg7 Rxf3 20. Qxe2 Rxe3 21. Qh2 h5 22. Nd4 Rxe4 23. Qg2 d5 24. Rhf1 Qb6 25. Qg5 Rxd4 26. Qxe5 Rxd1+ 27. Kxd1 Qd6 28. Qd4 e5 29. Qxa7 Rc7 30. Qb8+ Kxg7 31. Rf8 Qxf8 32. Qxc7+ Kf6 33. Qc6+ Kg5 34. Qxd5 Qf1+ 35. Kd2 Qf2+ 36. Kd3 Qd4+ 37. Qxd4 exd4 38. Kxd4 Kf4 39. Kd3 Kf3 40. c4 bxc3 41. b4 h4 42. b5 h3 43. b6 h2 44. b7 h1Q 45. b8Q Qe1 46. Qb7+ 1/2-1/2

[Event "Parana-ch"]
[Site "Campo Mourao"]
[Date "2011.01.25"]
[Round "2"]
[White "Borges, Victor Hugo Moreira"]
[Black "Leao, Cintia Rocha"]
[Result "1-0"]
[WhiteElo "2103"]
[BlackElo "1940"]
[PlyCount "83"]
[EventDate "2011.01.25"]
[EventType "swiss"]
[EventRounds "9"]
[EventCountry "BRA"]
[SourceTitle "CBM 140 Extra"]
[Source "ChessBase"]
[SourceDate "2011.03.01"]
[SourceVersion "1"]
[SourceVersionDate "2011.03.01"]
[SourceQuality "1"]

1. e4 e5 2. Nf3 Nf6 3. Nxe5 d6 4. Nxf7 Kxf7 5. d4 d5 6. e5 Ne8 7. Bd3 g6 8. 0-0 Bg7 9. c4 Be6 10. cxd5 Bxd5 11. f4 Rf8 12. f5 Kg8 13. Qg4 Qd7 14. Nc3 gxf5 15. Bxf5 Rxf5 16. Qxf5 Qxf5 17. Rxf5 Be6 18. Rf1 c6 19. Be3 Na6 20. a3 Nec7 21. Ne4 Bd5 22. Nf6+ Bxf6 23. exf6 Kf7 24. Bf4 Ne6 25. Be5 Nac7 26. Rae1 Re8 27. Re3 Nb5 28. Rg3 Be4 29. a4 Nexd4 30. Rg7+ Ke6 31. axb5 Kxe5 32. Re7+ Rxe7 33. fxe7 Bg6 34. bxc6 Nxc6 35. e8Q+ Bxe8 36. Re1+ Kf6 37. Rxe8 Kg6 38. Rc8 Na5 39. Rc7 h6 40. b4 Nb3 41. Rxb7 a5 42. b5 1-0

[Event "Paranaense-ch"]
[Site "Curitiba"]
[Date "2010.01.28"]
[Round "4.11"]
[White "Constantino, Fernando"]
[Black "Borges, Victor Hugo Moreira"]
[Result "1-0"]
[WhiteElo "2021"]
[BlackElo "2008"]
[PlyCount "67"]
[EventDate "2010.01.21"]
[EventType "swiss"]
[EventRounds "9"]
[EventCountry "BRA"]
[SourceTitle "EXT 2022"]
[Source "ChessBase"]
[SourceDate "2021.10.06"]
[SourceVersion "1"]
[SourceVersionDate "2021.10.06"]
[SourceQuality "1"]

1. e4 e6 2. d4 d5 3. Nc3 Bb4 4. e5 c5 5. a3 Bxc3+ 6. bxc3 Ne7 7. Qg4 0-0 8. h4 Qa5 9. Bd2 Qa4 10. Rh3 Nbc6 11. Bh6 Ng6 12. Bxg7 Kxg7 13. h5 Ncxe5 14. Qe2 cxd4 15. hxg6 Nxg6 16. Qh5 e5 17. Qxh7+ Kf6 18. Rf3+ Ke7 19. Qg7 e4 20. Qf6+ Ke8 21. Rg3 dxc3 22. Rxc3 Be6 23. Rb1 Bd7 24. Rxb7 Qa5 25. Rb4 Qd8 26. Qd4 Qg5 27. Re3 Nf4 28. Nh3 Bxh3 29. gxh3 Ne6 30. Qb2 Qd8 31. Rb7 Qa5+ 32. Kd1 Rg8 33. Qf6 Nc7 34. Qc6+ 1-0